000
00274nam a2200133Ia 4500
100
_a
Hansen Augie
942
_c
BK
654
_a
unix
245
_a
Rescued by Unix
260
_b
Galgotia Pub
_a
New Delhi
_c
1995
082
_a
005.13 'U'
546
_a
ENGLISH
999
_c
32634
_d
32634